Los cuadernos filosóficos de Antonio Gramsci : (Registro nro. 59024)
[ vista simple ]
| 000 -LEADER | |
|---|---|
| fixed length control field | 01207cam a2200289 i 4500 |
| 001 - CONTROL NUMBER | |
| control field | 59024 |
| 003 - CONTROL NUMBER IDENTIFIER | |
| control field | Mx-PuUPA |
| 005 - DATE AND TIME OF LATEST TRANSACTION | |
| control field | 20211129121136.0 |
| 008 - FIXED-LENGTH DATA ELEMENTS--GENERAL INFORMATION | |
| fixed length control field | 140415s2007 sp gr 001 0 spa d |
| 020 ## - INTERNATIONAL STANDARD BOOK NUMBER | |
| International Standard Book Number | 9789707227262 |
| 040 ## - CATALOGING SOURCE | |
| Original cataloging agency | MX-PuUPA |
| Language of cataloging | spa |
| Description conventions | rda |
| Transcribing agency | Mx-PuUPA |
| Modifying agency | Mx-PuUPA |
| 041 0# - LANGUAGE CODE | |
| Language code of text/sound track or separate title | spa |
| 100 1# - MAIN ENTRY--PERSONAL NAME | |
| Personal name | Kanoussi, Dora, |
| Relator term | autor |
| 9 (RLIN) | 5264 |
| 245 10 - TITLE STATEMENT | |
| Title | Los cuadernos filosóficos de Antonio Gramsci : |
| Remainder of title | de Bujarin a Maquiavelo / |
| Statement of responsibility, etc. | Dora Kanoussi ; cuidado de la edición, Cristina Ortega Kanoussi. |
| 250 ## - EDITION STATEMENT | |
| Edition statement | Primera edición |
| 264 #1 - PRODUCTION, PUBLICATION, DISTRIBUTION, MANUFACTURE, AND COPYRIGHT NOTICE | |
| Place of production, publication, distribution, manufacture | Puebla, Pue. : |
| Name of producer, publisher, distributor, manufacturer | Benemérita Universidad Autónoma de Puebla, |
| -- | Instituto de Ciencias Sociales y Humanidades "Alfonso Vélez Pliego", BUAP, |
| -- | Universidad Autónoma de la Ciudad de México, |
| -- | Plaza y Valdés, |
| Date of production, publication, distribution, manufacture, or copyright notice | 2007 |
| 300 ## - PHYSICAL DESCRIPTION | |
| Extent | 150 páginas ; |
| Dimensions | 23 cm. |
| 336 ## - CONTENT TYPE | |
| Content type term | texto |
| Fuente | rdacontent |
| Content type code | txt |
| 337 ## - MEDIA TYPE | |
| Media type term | sin medio |
| Source | rdamedia |
| Media type code | n |
| 338 ## - CARRIER TYPE | |
| Carrier type term | volumen |
| Source | rdacarrier |
| Carrier type code | nc |
| 600 14 - SUBJECT ADDED ENTRY--PERSONAL NAME | |
| Personal name | Gramsci, Antonio, 1891- 1957- |
| General subdivision | Documentos penitenciarios |
| 600 14 - SUBJECT ADDED ENTRY--PERSONAL NAME | |
| Personal name | Gramsci, Antonio, 1891-1957- |
| General subdivision | Cuadernos de dibujo, etc |
| 700 1# - ADDED ENTRY--PERSONAL NAME | |
| Personal name | Ortega Kanoussi, Cristina, |
| Relator term | editor |
| 942 ## - ADDED ENTRY ELEMENTS (KOHA) | |
| Classification part | 945 |
| Item part | K1615 |
| Koha item type | Libro |
| Source of classification or shelving scheme | Dewey Decimal Classification |
| Withdrawn status | Lost status | Source of classification or shelving scheme | Damaged status | Not for loan | Collection code | Home library | Current library | Shelving location | Date acquired | Source of acquisition | Total Checkouts | Full call number | Barcode | Date last seen | Price effective from | Koha item type |
|---|---|---|---|---|---|---|---|---|---|---|---|---|---|---|---|---|
| Dewey Decimal Classification | General | Biblioteca Karol Wojtyla | Biblioteca Karol Wojtyla | Sala general | 28/11/2017 | Compra | 945 K1615 2007 | 98161 | 05/01/2026 | 28/11/2017 | Libro |